000 00713nam a2200205Ia 4500
999 _c54728
_d54728
003 GCL
005 20240530105310.0
008 140319s9999 xx 000 0 ara d
040 _aGCL /
_cGCL
082 0 4 _a219.9
_bع ز
100 1 _aعبدالوادود شلبى
245 1 0 _aالزحف الى مكة: حقائق ووثائق عن مؤامرة التنصير فى العالم الاسلامى /
_cعبدالوادود شلبى
260 _a[S.N] :
_bالزهراء للاعلام العربى ،
_c1989
300 _a63 ص
650 0 4 _aتاريخ
650 0 4 _aمكة المكرمة
650 0 4 _aالاسلام والمذاهب الالحادية
650 0 4 _aالتكفير
942 _2ddc
_cBK